Central Library OPAC University of Rajshahi
Normal view MARC view

Entry Topical Term

Number of records used in: 1

001 - CONTROL NUMBER

  • control field: 17644

003 - CONTROL NUMBER IDENTIFIER

  • control field: BD-RjUL

005 - DATE AND TIME OF LATEST TRANSACTION

  • control field: 20260126105222.0

008 - FIXED-LENGTH DATA ELEMENTS

  • fixed length control field: 260126|| aca||aabn | a|a d

040 ## - CATALOGING SOURCE

  • Original cataloging agency: BD-RjUL
  • Transcribing agency: BD-RjUL

150 ## - HEADING--TOPICAL TERM

  • Topical term or geographic name entry element: Comparative literature
  • General subdivision: Pali and Sanskrit

670 ## - SOURCE DATA FOUND

  • Source citation: Work cat.: (BD-RjUL)86141: Chatterji, Heramba Nath. 17641, Comparative studies in Pāli & Sanskrit alaṅkāras /, 1960